书目信息 |
| 题名: |
中国海域构造地质学
|
|
| 作者: | 张训华 编著 | |
| 分册: | ||
| 出版信息: | 北京 海洋出版社 2008.06 |
|
| 页数: | 10, 404页, [8] 页图版 | |
| 开本: | 26cm | |
| 丛书名: | 中国海洋地质丛书 | |
| 单 册: | ||
| 中图分类: | P736.1 | |
| 科图分类: | ||
| 主题词: | 海洋地质学--hai yang di zhi xue--构造地质学--中国 | |
| 电子资源: | ||
| ISBN: | 978-7-5027-7010-5 | |
| 000 | 01168nam 2200289 450 | |
| 001 | 012009457064 | |
| 005 | 20090621111631.18 | |
| 010 | @a978-7-5027-7010-5@dCNY90.00 | |
| 100 | @a20090621d2008 em y0chiy0120 ea | |
| 101 | 0 | @achi |
| 102 | @aCN@b110000 | |
| 105 | @aabfka 000yy | |
| 106 | @ar | |
| 200 | 1 | @a中国海域构造地质学@Azhong guo hai yu gou zao di zhi xue@d= Tectonic geology in China seas@f张训华等编著@Fzhang xun hua deng bian zhu@zeng |
| 210 | @a北京@c海洋出版社@d2008.06 | |
| 215 | @a10, 404页, [8] 页图版@c图, 地图@d26cm | |
| 225 | 2 | @a中国海洋地质丛书@Azhong guo hai yang di zhi cong shu@v4 |
| 306 | @a海洋科技著作出版基金资助出版 | |
| 320 | @a有书目 (第395-402页) | |
| 330 | @a本书主要内容包括中国近海的构造地质背景、中国近海地球物理场、中国近海地层、中国近海断裂、中国近海岩浆岩海动、中国近海沉积盆地、中国近海构造单元以及中国近海的形成与演化。 | |
| 410 | 0 | @12001 @a中国海洋地质丛书 |
| 510 | 1 | @aTectonic geology in China seas@zeng |
| 606 | 0 | @a海洋地质学@Ahai yang di zhi xue@x构造地质学@y中国 |
| 690 | @aP736.1@v4 | |
| 701 | 0 | @a张训华@Azhang xun hua@4编著 |
| 801 | 0 | @aCN@bQSSK@c20090621 |
| 905 | @b745270-72@dP736.1@eZ212@f3 | |
| 中国海域构造地质学= Tectonic geology in China seas/张训华等编著.-北京:海洋出版社,2008.06 |
| 10, 404页, [8] 页图版:图, 地图;26cm.-(中国海洋地质丛书;4) |
| ISBN 978-7-5027-7010-5:CNY90.00 |
| 本书主要内容包括中国近海的构造地质背景、中国近海地球物理场、中国近海地层、中国近海断裂、中国近海岩浆岩海动、中国近海沉积盆地、中国近海构造单元以及中国近海的形成与演化。 |
| ● |
| 相关链接 |
|
|
|
正题名:中国海域构造地质学
索取号:P736.1/Z212
 
预约/预借
| 序号 | 登录号 | 条形码 | 馆藏地/架位号 | 状态 | 备注 |
| 1 | 745270 | 207452709 | 社科二线400B/400B社科库 8排2列3层/ [索取号:P736.1/Z212] | 在馆 | |
| 2 | 745271 | 207452718 | 自科库401/401自科库 134排2列2层/ [索取号:P736.1/Z212] | 在馆 | |
| 3 | 745272 | 207452727 | 期刊室512/401自科库 130排1列5层/ [索取号:P736.1/Z212] | 在馆 |